Conservación de forrajes

Uloženo v:
Podrobná bibliografie
Hlavní autor: Puignau, Juan P (Autor)
Médium: Kniha
Jazyk:španělština
Vydáno: Montevideo IICA 1988
Edice:Diálogo, 23
Témata:
Tagy: Přidat tag
Žádné tagy, Buďte první, kdo vytvoří štítek k tomuto záznamu!

MARC

LEADER 00000nam a2200000 a 4500
001 UCQ0544
003 CL-VaPUC
008 980628e19880000UY |||||||||||||||||spa|d
082 0 4 |a 633.2  |b PUI  |2 21 
100 0 |a Puignau, Juan P  |e author  |9 413765 
245 1 0 |a Conservación de forrajes 
300 |a 155 p 
942 |c BK 
945 |d 19980628 00:00:00  |a aalvarez 
260 |a Montevideo  |b IICA  |c 1988 
650 7 |a FORRAJES  |2 CL-VaPUC  |9 394588 
650 7 |a PLANTAS FORRAJERAS  |2 CL-VaPUC  |9 264229 
650 7 |a CONSERVACION  |2 CL-VaPUC  |9 259519 
650 0 |a Congresos  |9 257560 
583 |a last modification  |c 19980628 00:00:00  |k Rodrigo Vera 
490 0 |a Diálogo, 23 
999 |c 271626  |d 271624